Regional Planning in a Consistency Framework: (Record no. 184481)
[ view plain ]
| 000 -LEADER | |
|---|---|
| fixed length control field | 00456nam a22001457a 4500 |
| 041 ## - LANGUAGE CODE | |
| Language code of text/sound track or separate title | eng |
| 082 ## - DEWEY DECIMAL CLASSIFICATION NUMBER | |
| Classification number | 309.25095475 |
| Item number | KAS |
| 100 ## - MAIN ENTRY--AUTHOR NAME | |
| Personal name | Kashyap, S.P. |
| 245 ## - TITLE STATEMENT | |
| Title | Regional Planning in a Consistency Framework: |
| Remainder of title | A Study of Gujarat / |
| Statement of responsibility, etc | by S.P. Kashyap |
| 260 ## - PUBLICATION, DISTRIBUTION, ETC. (IMPRINT) | |
| Place of publication | Ahmedabad, |
| Name of publisher | Sardar Patel Institute of Economic and Social Science Research, |
| Year of publication | 1979. |
| 300 ## - PHYSICAL DESCRIPTION | |
| Number of Pages | 158p., |
| Dimensions | 25cm. |
| 440 ## - SERIES STATEMENT/ADDED ENTRY--TITLE | |
| Title | Monograph Series |
| Volume number/sequential designation | 6 |
| 942 ## - ADDED ENTRY ELEMENTS (KOHA) | |
| Koha item type | Books |
| Withdrawn status | Lost status | Damaged status | Collection code | Home library | Current library | Shelving location | Date acquired | Full call number | Accession Number | Koha item type |
|---|---|---|---|---|---|---|---|---|---|---|
| ICSSR | North Eastern Hill University | North Eastern Hill University | General Stacks | 30/07/1980 | 309.25095475 KAS | IC372 | Books |
